| 000 | 00992cam a2200313 a 4500 | ||
|---|---|---|---|
| 001 | 13940624 | ||
| 003 | OSt | ||
| 005 | 20170105101214.0 | ||
| 008 | 020920s2002 pk 001 0 eng | ||
| 010 | _a 2002342020 | ||
| 020 | _a9694611113 | ||
| 025 | _aP-E-2002342020; 10 | ||
| 035 | _a(DLC) 2002342020 | ||
| 040 |
_aDLC _cDLC |
||
| 042 | _alcode | ||
| 043 | _aa-pk--- | ||
| 050 | 0 | 0 |
_aH62.5.P35 _bP34 2002 |
| 110 | 2 | _aPakistan Institute of Development Economics. | |
| 245 | 1 | 0 | _aResearch at PIDE, 2000-2003. |
| 260 |
_aIslamabad : _bPakistan Institute of Development Economics, _c2002. |
||
| 300 |
_aiii, 169 p. ; _c25 cm. |
||
| 500 | _a"January 2002." | ||
| 500 | _aIncludes index. | ||
| 520 | _aSocial sciences research at the Pakistan Institute of Development Economics. | ||
| 650 | 0 |
_aSocial sciences _xResearch _zPakistan. |
|
| 906 |
_a7 _bcbc _corigode _d3 _encip _f20 _gy-gencatlg |
||
| 942 |
_2ddc _cBK |
||
| 999 |
_c3340 _d3340 |
||